000 00402nam a2200157Ia 4500
008 230917s9999||||xx |||||||||||||| ||und||
040 _e145565
_aMAIN
041 _aEnglish
082 _a320.509 E34G
100 _aEbenstein, William
245 0 _aGreat political thinkers: Ploto to the present
250 _a3rd ed.
260 _aMew Delhi
_bOxford & IBH
_c1977
300 _a978 p.
942 _cBK
999 _c167398
_d167398